[Event "Voronezh Rating op 03-B"]
[Site "Voronezh"]
[Date "2014.03.25"]
[Round "4"]
[White "Malin, Alexey"]
[Black "Krasilnikov, Sergei"]
[Result "1-0"]
[WhiteElo "1836"]
[BlackElo "2008"]
[PlyCount "29"]
[EventDate "2014.03.20"]
[EventType "swiss"]
[EventRounds "9"]
[EventCountry "RUS"]
[SourceTitle "EXT 2015"]
[Source "ChessBase"]
[SourceDate "2014.11.20"]
[SourceVersion "1"]
[SourceVersionDate "2014.11.20"]
[SourceQuality "1"]

1. e4 c5 2. d4 cxd4 3. c3 d5 4. exd5 Qxd5 5. cxd4 Nc6 6. Nf3 Bg4 7. Be2 e6 8. 0-0 Nf6 9. Nc3 Qd7 10. Be3 Be7 11. h3 Bh5 12. Ne5 Nxe5 13. dxe5 Qxd1 14. Bxd1 Bxd1 15. exf6 1-0

[Event "Voronezh-ch"]
[Site "Voronezh"]
[Date "2013.10.19"]
[Round "2"]
[White "Malin, Alexey"]
[Black "Ioffe, Ilya"]
[Result "0-1"]
[WhiteElo "1844"]
[BlackElo "1974"]
[PlyCount "70"]
[EventDate "2013.10.18"]
[EventType "swiss"]
[EventRounds "9"]
[EventCountry "RUS"]
[SourceTitle "EXT 2014"]
[Source "ChessBase"]
[SourceDate "2013.11.20"]
[SourceVersion "1"]
[SourceVersionDate "2013.11.20"]
[SourceQuality "1"]

1. e4 e5 2. Nf3 Nc6 3. Bc4 Bc5 4. b4 Bb6 5. a4 a6 6. Nc3 Nf6 7. Ba3 d6 8. h3 0-0 9. 0-0 Be6 10. Bxe6 fxe6 11. d3 Qe8 12. a5 Ba7 13. Qd2 Nh5 14. Kh2 Rxf3 15. gxf3 Nd4 16. Qd1 Qf7 17. Bc1 Nxf3+ 18. Kh1 Rf8 19. Ne2 Nh4 20. f4 Qg6 21. Rg1 Bxg1 22. Qxg1 Qxg1+ 23. Kxg1 exf4 24. Nd4 e5 25. Ne6 Rf7 26. b5 axb5 27. Nd8 Rf8 28. Nxb7 Nf3+ 29. Kf2 Nd4 30. Bb2 Nc6 31. c3 Ra8 32. d4 Ra7 33. a6 Nf6 34. Kf3 Kf7 35. Ra5 Nxa5 0-1

[Event "Voronezh Rating op 10"]
[Site "Voronezh"]
[Date "2013.10.09"]
[Round "7"]
[White "Malin, Alexey"]
[Black "Smirnov, Vyacheslav"]
[Result "1-0"]
[WhiteElo "1844"]
[BlackElo "1579"]
[PlyCount "89"]
[EventDate "2013.10.02"]
[EventType "swiss"]
[EventRounds "7"]
[EventCountry "RUS"]
[SourceTitle "EXT 2015"]
[Source "ChessBase"]
[SourceDate "2014.11.20"]
[SourceVersion "1"]
[SourceVersionDate "2014.11.20"]
[SourceQuality "1"]

1. e4 c6 2. d4 d5 3. f3 e6 4. Be3 Nd7 5. Nd2 a6 6. Bd3 c5 7. c3 dxe4 8. Nxe4 cxd4 9. Bxd4 Ngf6 10. Ne2 Nxe4 11. Bxe4 Nf6 12. Bc2 Be7 13. Qd3 Bd7 14. Rd1 g6 15. Ng3 0-0 16. Bxf6 Bxf6 17. Qxd7 Qb6 18. Qd2 Qxb2 19. Ne4 Bg7 20. Bb3 Qa3 21. 0-0 Qa5 22. Qe3 Rad8 23. Nd6 Qc7 24. Ne4 h6 25. g3 Kh7 26. Kg2 Rfe8 27. Rxd8 Rxd8 28. Rf2 b5 29. Rc2 Rc8 30. c4 b4 31. c5 Qe5 32. f4 Qc7 33. Qf3 Rd8 34. h4 f5 35. Nd6 Bc3 36. Qb7 Qxb7+ 37. Nxb7 Rc8 38. Bxe6 Rc6 39. Bd7 Rc7 40. c6 Kg7 41. Nd6 Kf8 42. Re2 Bf6 43. Re8+ Kg7 44. Re6 Bd8 45. Ne8+ 1-0

[Event "Zagorovsky Memorial op"]
[Site "Voronezh"]
[Date "2013.06.29"]
[Round "5"]
[White "Malin, Alexey"]
[Black "Chermashentsev, Victor"]
[Result "0-1"]
[WhiteElo "1779"]
[BlackElo "1825"]
[PlyCount "82"]
[EventDate "2013.06.25"]
[EventType "swiss"]
[EventRounds "9"]
[EventCountry "RUS"]
[SourceTitle "EXT 2014"]
[Source "ChessBase"]
[SourceDate "2013.11.20"]
[SourceVersion "1"]
[SourceVersionDate "2013.11.20"]
[SourceQuality "1"]

1. e4 e5 2. Nf3 Nc6 3. Bc4 Bc5 4. b4 Bxb4 5. c3 Be7 6. d4 d6 7. Qb3 Na5 8. Bxf7+ Kf8 9. Qa4 Nh6 10. Bxh6 gxh6 11. Qxa5 Kxf7 12. dxe5 b6 13. e6+ Bxe6 14. Qh5+ Kg7 15. Nbd2 Qe8 16. Qxe8 Raxe8 17. Nd4 Bd7 18. f4 Bf6 19. 0-0 c5 20. N4f3 Bc6 21. e5 dxe5 22. fxe5 Bxe5 23. Nxe5 Rxe5 24. Nc4 Re2 25. Rf2 Rhe8 26. Nd6 Re1+ 27. Rxe1 Rxe1+ 28. Rf1 Rxf1+ 29. Kxf1 Kf6 30. Nc8 Bd7 31. Nd6 Bc6 32. c4 a6 33. Kf2 b5 34. g4 Ke6 35. cxb5 axb5 36. Nf5 b4 37. Ke3 Bd5 38. Kd3 Bxa2 39. Kc2 Kf6 40. Nd6 Bd5 41. Nf5 Be4+ 0-1

[Event "Voronezh op-B 17th"]
[Site "Voronezh"]
[Date "2013.06.12"]
[Round "1"]
[White "Malin, Alexey"]
[Black "Ioffe, Evgeny"]
[Result "1-0"]
[WhiteElo "1779"]
[BlackElo "2029"]
[PlyCount "93"]
[EventDate "2013.06.12"]
[EventType "swiss"]
[EventRounds "9"]
[EventCountry "RUS"]
[SourceTitle "EXT 2014"]
[Source "ChessBase"]
[SourceDate "2013.11.20"]
[SourceVersion "1"]
[SourceVersionDate "2013.11.20"]
[SourceQuality "1"]

1. e4 c6 2. d4 d5 3. f3 e6 4. Bd3 Nf6 5. Ne2 Be7 6. 0-0 0-0 7. e5 Nfd7 8. f4 c5 9. c3 Nc6 10. Kh1 Qb6 11. f5 cxd4 12. cxd4 Nb4 13. f6 gxf6 14. Bxh7+ Kxh7 15. Ng3 Rh8 16. Qh5+ Kg8 17. Bh6 f5 18. Nc3 Nf8 19. Nge2 Ng6 20. Nf4 Nxf4 21. Rxf4 Rh7 22. Raf1 Bd7 23. R1f3 Kh8 24. Rg3 Rg8 25. Rxg8+ Kxg8 26. Rf3 Qxd4 27. Rg3+ Qg4 28. Rxg4+ fxg4 29. Qxg4+ Kh8 30. Bg5 Bxg5 31. Qxb4 Rg7 32. Qxb7 f6 33. Qxa7 Bc6 34. Qb8+ Kh7 35. Qd6 Bb7 36. exf6 Bxf6 37. Qxe6 Re7 38. Qf5+ Kg7 39. h4 d4 40. Ne2 Re4 41. Nf4 Re1+ 42. Kh2 Be5 43. Kh3 Re3+ 44. Kg4 Bxg2 45. Nxg2 Rg3+ 46. Kh5 Bf6 47. Nf4 1-0